All LE SSERAFIM songs (updated Nov 2025) - Statistics

General Stats
  • This quiz has been taken 129 times
    42 since last reset
  • The average score is 34 of 53
Answer Stats
Hint Answer % Correct
FEARLESS
97%
CRAZY
94%
DIFFERENT
94%
EASY
94%
HOT
94%
SPAGHETTI (with j-hope)
94%
ANTIFRAGILE
87%
Smart
84%
Sour Grapes
84%
UNFORGIVEN (feat. Nile Rodgers)
84%
Come Over
81%
1-800-hot-n-fun
77%
Pearlies (My oyster is the world)
77%
Pierrot
77%
Swan Song
77%
Ash
74%
Impurities
74%
songs The World Is My Oyster
74%
Blue Flame
71%
Crazier
71%
Eve, Psyche & The Bluebeard's wife
68%
I ≠ DOLL
68%
No Celestial
68%
Perfect Night
68%
The Great Mermaid
68%
We got so much
68%
Chasing Lightning
65%
FEARNOT (Between you, me and the lamppost)
65%
No-Return (Into the unknown)
65%
So Cynical (Badum)
65%
The Hydra
65%
Fire in the belly
61%
Good Bones
61%
Good Parts (when the quality is bad but I am)
61%
Flash Forward
58%
jellyfish
58%
Kawaii (Prod. Gen Hoshino)
58%
Burn the Bridge
55%
butterflies (with JVKE & TAEHYUN)
52%
Choices
52%
STUPID IN LOVE (with MAX)
52%
blessing in disguise
48%
Born Fire
48%
Jewelry (Prod. imase)
45%
love you twice
45%
Raise y_our glass
45%
Guardian
42%
Star Signs
42%
Yes or No (with GroovyRoom & Crush)
42%
the NOISE (with YOASOBI)
32%
i don't know (with j-hope)
29%
Dress Code (Prod. imase)
26%
Confession (with Dalpalan)
19%
No matching quizzes found
Score Distribution
Percent of People with Each Score
Percentile by Number Answered
Your Score History
You have not taken this quiz since the last reset